<?xml version="1.0" encoding="UTF-8"?>
<collection xmlns="http://www.loc.gov/MARC21/slim">
 <record>
  <leader>01192nam a22002537a 4500</leader>
  <controlfield tag="001">AAL8517</controlfield>
  <controlfield tag="003">BD-DhAAL</controlfield>
  <controlfield tag="005">20190403135745.0</controlfield>
  <controlfield tag="008">160331s    2011bg ||||| |||| 00| 0 ben d</controlfield>
  <datafield tag="999" ind1=" " ind2=" ">
   <subfield code="c">37293</subfield>
   <subfield code="d">37293</subfield>
  </datafield>
  <datafield tag="020" ind1=" " ind2=" ">
   <subfield code="a">9789845040969</subfield>
  </datafield>
  <datafield tag="040" ind1=" " ind2=" ">
   <subfield code="a">BD-DhAAL</subfield>
   <subfield code="c">BD-DhAAL</subfield>
  </datafield>
  <datafield tag="082" ind1=" " ind2=" ">
   <subfield code="a">891.4414</subfield>
  </datafield>
  <datafield tag="100" ind1=" " ind2=" ">
   <subfield code="a">আহমেদ, সমীর</subfield>
   <subfield code="9">18883</subfield>
  </datafield>
  <datafield tag="245" ind1=" " ind2=" ">
   <subfield code="a">রবীন্দ্রনাথ :</subfield>
   <subfield code="b">দুই বোন /</subfield>
   <subfield code="c">সমীর আহমেদ</subfield>
  </datafield>
  <datafield tag="260" ind1=" " ind2=" ">
   <subfield code="a">ঢাকা :</subfield>
   <subfield code="b">মূর্ধণ্য,</subfield>
   <subfield code="c">২০১১</subfield>
  </datafield>
  <datafield tag="300" ind1=" " ind2=" ">
   <subfield code="a">৮০ পৃ. ;</subfield>
   <subfield code="c">২১ সে.মি.</subfield>
  </datafield>
  <datafield tag="490" ind1=" " ind2=" ">
   <subfield code="a">রবীন্দ্র-স্মারক গ্রন্থমালা</subfield>
  </datafield>
  <datafield tag="541" ind1=" " ind2=" ">
   <subfield code="e">8517</subfield>
  </datafield>
  <datafield tag="600" ind1=" " ind2=" ">
   <subfield code="a">Tagore, Rabindranath,</subfield>
   <subfield code="d">1861-1941.</subfield>
   <subfield code="9">18830</subfield>
  </datafield>
  <datafield tag="852" ind1=" " ind2=" ">
   <subfield code="a">Savar Campus Library</subfield>
   <subfield code="c">General Shelf</subfield>
  </datafield>
  <datafield tag="942" ind1=" " ind2=" ">
   <subfield code="2">ddc</subfield>
   <subfield code="c">BK</subfield>
  </datafield>
  <datafield tag="952" ind1=" " ind2=" ">
   <subfield code="0">0</subfield>
   <subfield code="1">0</subfield>
   <subfield code="2">ddc</subfield>
   <subfield code="4">0</subfield>
   <subfield code="6">891_000000000000000__4414_AHM</subfield>
   <subfield code="7">0</subfield>
   <subfield code="9">58612</subfield>
   <subfield code="a">SCL</subfield>
   <subfield code="b">SCL</subfield>
   <subfield code="c">GEN</subfield>
   <subfield code="d">2016-03-31</subfield>
   <subfield code="e">Gift: BLC, Savar</subfield>
   <subfield code="g">120.00</subfield>
   <subfield code="l">1</subfield>
   <subfield code="o">891.4414 AHM</subfield>
   <subfield code="p">3020008517</subfield>
   <subfield code="r">2022-06-11</subfield>
   <subfield code="s">2022-06-05</subfield>
   <subfield code="t">1</subfield>
   <subfield code="w">2016-03-31</subfield>
   <subfield code="y">BK</subfield>
  </datafield>
  <datafield tag="952" ind1=" " ind2=" ">
   <subfield code="0">0</subfield>
   <subfield code="1">0</subfield>
   <subfield code="2">ddc</subfield>
   <subfield code="4">0</subfield>
   <subfield code="6">891_000000000000000__4414_AHM</subfield>
   <subfield code="7">0</subfield>
   <subfield code="9">62899</subfield>
   <subfield code="a">SCL</subfield>
   <subfield code="b">SCL</subfield>
   <subfield code="c">GEN</subfield>
   <subfield code="d">2018-03-18</subfield>
   <subfield code="e">Gift: BLC, Savar</subfield>
   <subfield code="g">120.00</subfield>
   <subfield code="l">2</subfield>
   <subfield code="m">5</subfield>
   <subfield code="o">891.4414 AHM</subfield>
   <subfield code="p">3020009549</subfield>
   <subfield code="r">2020-01-25</subfield>
   <subfield code="s">2020-01-16</subfield>
   <subfield code="t">2</subfield>
   <subfield code="w">2018-03-18</subfield>
   <subfield code="y">BK</subfield>
  </datafield>
 </record>
</collection>
